Development aid at a glance 2007 statistics by region

Saved in:
Bibliographic Details
Format: Book
Language:English
Published: Paris OECD 2007
Subjects:
Tags: Add Tag
No Tags, Be the first to tag this record!

MARC

LEADER 00000nam$a2200000$$$4500
001 0084049
005 20240313134934.5
020 |a 978-92-64-02224-9 
041 0 |a eng 
044 |a FR 
245 1 0 |a Development aid at a glance 2007  |b statistics by region 
264 1 |a Paris  |b OECD  |c 2007 
300 |a 155 s. 
610 2 0 |a údaje štatistické medzinárodné 
610 2 0 |a krajiny rozvojové 
610 2 0 |a pomoc medzinárodná 
610 2 0 |a pomoc rozvojová 
610 2 0 |a pomoc finančná 
610 2 0 |a dary 
610 2 0 |a krajiny vyspelé